000 01159aam a2200313 i 4500
999 _c32667
_d32667
001 768714001
003 CO-MdFUSB
005 20201117104327.0
007 ta
008 201006t1986 -us |||| |||| 00| 0 spa d
020 _a84236451x
040 _bspa.
_aCO-MdFUSB
_cCO-MdFUSB
_dCO-MdFUSBC
_erda
041 _aspa
082 0 4 _223
_a177
_bP154c
100 1 _aPalau, Luis
_eautor
245 1 0 _a¿Con quién me casaré?
_c/ Luis Palau
250 _aSeptima edición
264 1 _aMiami, FL., USA :
_bUnilit,
_c[1987]
264 4 _c© 1987
300 _a125 Pag.
_c; 18 cm
336 _atexto
_btxt
_2rdacontent
337 _2rdamedia
_asin mediación
_bn
338 _2rdacarrier
_avolumen
_bnc
505 _aPerfectamente normal -- Lo asombroso del matrimonio -- ¿Estoy enamorado? -- ¿Será o no será? -- El orgullo del amor -- El respeto del amor -- El amor sabe esperar -- La fuerza que nos une -- Gánate la amistad de muchos -- Unión y comunión -- ¡No te apresures! -- ¡Una nueva vida! -- ¡Arráncate la máscara!
563 _aRústico
650 1 7 _aMatrimonio
_9291
_bCristianismo
_xAspectos religiosos
942 _cBK
945 _aJTF-925